Israel FRC Teams - Statistics

General Stats
  • This quiz has been taken 6 times
  • The average score is 32 of 68
Answer Stats
Team % Correct
1690
100%
1577
80%
1937
80%
2212
80%
3339
80%
4590
80%
5554
80%
1574
60%
1576
60%
1580
60%
1657
60%
1942
60%
1943
60%
1954
60%
2096
60%
2230
60%
2231
60%
2630
60%
3211
60%
3388
60%
3835
60%
4320
60%
4338
60%
4416
60%
4586
60%
4661
60%
4744
60%
5135
60%
5951
60%
5987
60%
5990
60%
7067
60%
7112
60%
8175
60%
8223
60%
2679
40%
3034
40%
3065
40%
3075
40%
3083
40%
3316
40%
4319
40%
4784
40%
5614
40%
5654
40%
5747
40%
5928
40%
6168
40%
6230
40%
7039
40%
5038
20%
5291
20%
5635
20%
5715
20%
6049
20%
6104
20%
6736
20%
6738
20%
6740
20%
6741
20%
7079
20%
7177
20%
7554
20%
7845
20%
8333
20%
8340
0%
8348
0%
8356
0%
No matching quizzes found
Score Distribution
Percent of People with Each Score
Percentile by Number Answered
Your Score History
You have not taken this quiz